000
00254nam a2200109Ia 4500
008
190914s9999||||xx |||||||||||||| ||und||
100
_a
Naseema Bint-i-Siraj
245
0
_a
Awaz-e-Jars
260
_a
Karachi
_b
Hashmi Trust
_c
2004
300
_a
312
942
_c
BK
999
_c
9326
_d
9326